00246nam a2200097Ia 4500100003100000654001300031245005500044260002800099300000900127546001200136 aMoseley/L.E./ Boodey/D.M.  aComputer aMastering MS-Office Professional for Windows 95 bB.P.B.aNew Delhic1996 a1082 aENGLISH